| 000 | 00537nam a2200169Ia 4500 | ||
|---|---|---|---|
| 008 | 260520s2025 xx 000 0 und d | ||
| 020 | _a978-81-992030-2-0 | ||
| 041 | _amar | ||
| 082 | _a891.468/DES | ||
| 100 | _aदेसाई, वर्षा | ||
| 245 | _aसाहित्यविचार आणि समीक्षा | ||
| 250 | _a1st ed | ||
| 260 |
_aजळगाव _bप्रशांत पब्लिकेशन _c2025 |
||
| 300 | _a103p. | ||
| 500 | _aCat No: 15056 | ||
| 650 | _aMARATHI MISCELLENOUS WRITING | ||
| 999 |
_c1221863 _d1221863 |
||